Come l'acqua che scorre : tre racconti /

Saved in:
Bibliografiske detaljer
Hovedforfatter: Yourcenar, Marguerite (Author)
Andre forfattere: Caronia, Maria
Format: Bog
Sprog:italiensk
Udgivet: Torino : Einaudi, [1993]
Serier:Einaudi tascabili ; 126
Tags: Tilføj Tag
Ingen Tags, Vær først til at tagge denne postø!

MARC

LEADER 00000nam a22000007i 4500
001 IT\ICCU\BVE\0037672
003 ItRI
005 20260115231853.0
008 930508s1993 it |||||| ||||| |||||c
015 |2 IT  |a EDI-1039 
020 |a 8806129821 
020 |a 880617472X 
020 |a 9788806174729 (12. ed. 2007) 
040 |b ita  |c importazione bologna sebina 
041 7 |a ita  |2 ISO-639-2 
082 |a 843.914  |9 NARRATIVA FRANCESE. 1945-  |2 19 
100 1 |a Yourcenar, Marguerite  |0 IT\ICCU\CFIV\000432  |4 aut 
240 1 0 |a Comme l'eau qui coule  |3 IT\ICCU\CFI\0111362  |9 Yourcenar, Marguerite 
245 1 0 |a Come l'acqua che scorre :  |b tre racconti /  |c Marguerite Yourcenar. 
260 |a Torino :  |b Einaudi,  |c [1993] 
300 |a 222 p. ;  |c 20 cm 
500 |a Trad. di Maria Caronia. 
700 1 |a Caronia, Maria  |0 IT\ICCU\CFIV\052195 
790 1 |a Crayencour, Marguerite : de  |3 IT\ICCU\CFIV\000914  |z Yourcenar, Marguerite 
790 1 |a Yourcenar, Marg  |3 IT\ICCU\SBNV\119970  |z Yourcenar, Marguerite 
830 0 |a Einaudi tascabili ;  |v 126  |0 IT\ICCU\CFI\0163201 
942 |2 ddc  |c BK  |n 0 
952 |0 0  |1 0  |4 0  |6 L_843_914000000000000_YOU  |7 0  |9 14771  |a BO  |b BO  |d 2026-01-15  |i 9761  |l 0  |o L 843.914 YOU  |p BO9761  |r 2026-01-15 23:18:53  |w 2026-01-15  |x [Sebina 5] [1 v.]  |y BK  |z 1 v. 
999 |c 12733  |d 12733